[Event "Prebor DDM 2007"]
[Site "?"]
[Date "2007.11.21"]
[Round "7"]
[White "Sterba, Karel"]
[Black "Kalab, Jaromir"]
[Result "1/2-1/2"]
[WhiteElo "1831"]
[BlackElo "1733"]
[PlyCount "83"]
[EventDate "2007.??.??"]
[SourceDate "2007.11.22"]

1. e4 e5 2. Nf3 Nc6 3. Bb5 a6 4. Ba4 Nf6 5. O-O Nxe4 6. d4 b5 7. Bb3 d5 8. dxe5
Be6 9. c3 Bc5 10. Nbd2 Nxd2 11. Bxd2 O-O 12. Qe2 h6 13. Rad1 Ne7 14. Be3 Bxe3
15. Qxe3 c6 16. Nd4 Nf5 17. Qd3 Nxd4 18. cxd4 Qb6 {=} 19. Rc1 Rac8 20. Rc5 a5
21. Rfc1 a4 22. Bc2 g6 23. Qg3 Kg7 24. Qh4 Qd8 25. Qxd8 Rfxd8 26. Bd1 Bd7 27.
Bf3 h5 {=} 28. Kf1 Re8 29. Be2 f6 30. f4 fxe5 31. fxe5 Rf8+ 32. Kg1 Rf4 33. Rd1
Rcf8 34. Rc3 b4 35. Rcd3 Rf2 36. R3d2 Bg4 {=} 37. Bxg4 Rxd2 38. Rxd2 hxg4 39.
g3 Rf3 40. Kg2 Re3 41. Kf2 Re4 42. Rd3 1/2-1/2

[Event "Prebor DDM 2007"]
[Site "?"]
[Date "2007.11.21"]
[Round "7"]
[White "Schmidt, Karel"]
[Black "Kottek, Eduard"]
[Result "0-1"]
[WhiteElo "1790"]
[BlackElo "1880"]
[PlyCount "104"]
[EventDate "2007.??.??"]
[SourceDate "2007.11.22"]

1. d4 Nf6 2. c4 e6 3. Nc3 Bb4 4. Qc2 c5 5. e3 Nc6 6. a3 Bxc3+ 7. bxc3 O-O 8.
Bd3 d5 9. Nf3 b6 10. cxd5 exd5 11. dxc5 Qc7 12. h3 Ne7 13. a4 Qxc5 14. Ba3 Qc7
15. Nd4 a6 16. c4 Re8 17. O-O Nc6 18. Bb2 Ne5 19. cxd5 Qxc2 20. Bxc2 Nxd5 21.
Rfc1 Nb4 22. Ra3 Nec6 23. Bd1 Bd7 24. Be2 Rac8 25. Nb3 f6 26. Rd1 Be6 27. Nd4
Nxd4 28. Bxd4 Nc2 29. Rad3 Bc4 30. R3d2 Bxe2 31. Rxe2 Nxd4 32. Rxd4 Rc1+ 33.
Kh2 Rec8 34. Rb2 R8c6 35. Rdb4 R1c4 36. Kg3 Rxb4 37. Rxb4 Kf7 38. Rd4 Ke7 39.
f4 b5 40. axb5 axb5 41. Rb4 {=} Rc5 42. Kf3 Kd6 43. h4 Kc6 44. Ke4 Rc4+ 45.
Rxc4+ bxc4 46. Kd4 Kb5 47. Kc3 f5 48. h5 Kc5 49. e4 fxe4 50. g4 e3 51. f5 Kd6
52. g5 Ke7 0-1

[Event "Prebor DDM 2007"]
[Site "?"]
[Date "2007.11.22"]
[Round "7"]
[White "Spolc, Ondrej"]
[Black "Kokstein, Vlastimil"]
[Result "0-1"]
[WhiteElo "1294"]
[BlackElo "1589"]
[PlyCount "122"]
[EventDate "2007.??.??"]
[SourceDate "2007.11.22"]

1. d4 d5 2. c4 e6 3. Nf3 dxc4 4. Nc3 Bb4 5. e3 b5 6. Bd2 c6 7. a4 a6 8. axb5
Bxc3 9. Bxc3 cxb5 10. b3 cxb3 11. Bxb5+ Bd7 12. Bxd7+ Nxd7 13. Qxb3 Qb6 14.
Qxb6 Nxb6 15. O-O Nd5 16. Bd2 Ngf6 17. h3 O-O 18. Rfe1 Ne4 19. Ba5 h6 20. Rac1
Rfc8 21. Ne5 Ndc3 22. Rc2 Nb5 23. Rec1 Rxc2 24. Rxc2 Ned6 25. Nc6 Kh7 26. Ne5
f6 27. Nd3 Kg8 28. f3 Na3 29. Rc6 Nb7 30. Bb4 Nd8 31. Rc3 Nb5 32. Rc4 Kf7 33.
Kf2 Nb7 34. e4 a5 35. Nc5 Rc8 36. Bd2 N5d6 37. Rc3 Nb5 38. Rc4 e5 39. Rc1 Nxc5
40. Rxc5 Rxc5 41. dxc5 a4 42. Bc1 Ke7 43. Bb2 a3 44. Ba1 Kd7 45. Ke2 Nd4+ 46.
Kd3 Nb3 47. Bc3 a2 48. Kc2 a1=Q 49. Bxa1 Nxa1+ 50. Kb2 Kc6 51. Kxa1 Kxc5 52.
Kb2 Kd4 53. Kc2 Ke3 54. Kd1 Kf2 55. g4 Kxf3 56. Ke1 Kxe4 57. Kf2 Kf4 58. Kg2 e4
59. Kf2 e3+ 60. Kg2 Ke4 61. Kg3 g5 0-1

[Event "Prebor DDM 2007"]
[Site "?"]
[Date "2007.11.22"]
[Round "6"]
[White "Kalab, Jaromir"]
[Black "Fica, Alexander"]
[Result "0-1"]
[WhiteElo "1733"]
[BlackElo "1801"]
[PlyCount "104"]
[EventDate "2007.??.??"]
[SourceDate "2007.11.22"]

1. e4 c5 2. a3 Nc6 3. b4 e6 4. c3 d5 5. exd5 Qxd5 6. Nf3 Be7 7. d4 cxd4 8. Nxd4
Nf6 9. Qf3 Nxd4 10. Qxd5 Nc2+ 11. Kd2 exd5 12. Bb5+ Bd7 13. Bxd7+ Kxd7 14. Kxc2
Rac8 15. Be3 Rhd8 16. Bxa7 Ke8 17. Bd4 Kf8 18. f3 Ne8 19. Re1 Nc7 20. Bxg7+
Kxg7 21. Rxe7 d4 {=} 22. Kb2 dxc3+ 23. Nxc3 Rd2+ 24. Kb1 Rxg2 25. Ra2 Rg1+ 26.
Kb2 Ne6 27. Nb5 Rcc1 28. Kb3 Rcf1 29. Rxb7 Rxf3+ 30. Ka4 Rg4 31. Rc2 Rf5 32.
Nd6 Nc5+ 33. Rxc5 Rxc5 34. Rxf7+ Kg6 35. Kb3 Rd5 36. Rd7 Rgd4 37. b5 Rxd6 38.
Rxd6+ Rxd6 39. a4 Kf6 40. a5 Ke6 41. a6 Kd5 42. a7 Rd8 43. Kb4 Ra8 44. b6 Kc6
45. Ka5 Kb7 46. Kb5 Rg8 47. Kc5 Rg2 48. h4 Rg4 49. h5 Rg5+ 50. Kd6 Rxh5 51.
a8=Q+ Kxa8 52. Kc6 Kb8 0-1

[Event "Prebor DDM 2007"]
[Site "?"]
[Date "2007.11.22"]
[Round "7"]
[White "Safranek, David"]
[Black "Zuna, Zdenek"]
[Result "0-1"]
[WhiteElo "1700"]
[BlackElo "1847"]
[PlyCount "58"]
[EventDate "2007.??.??"]
[SourceDate "2007.11.22"]

1. d4 Nf6 2. c4 e6 3. Nf3 Bb4+ 4. Nc3 c5 5. dxc5 Bxc5 6. Bg5 O-O 7. e3 d6 8.
Qc2 Nbd7 9. Bd3 h6 10. Bh4 Bb4 11. O-O Bxc3 12. Qxc3 Qc7 13. Nd4 a6 14. f4 d5
15. f5 e5 16. Ne2 e4 17. Bg3 Qc5 18. Bc2 Qxc4 19. Qxc4 dxc4 20. Rad1 Re8 21.
Rd4 b5 22. Nc3 Nc5 23. b3 cxb3 24. axb3 Bb7 25. b4 Ncd7 26. Rfd1 Rac8 27. Bxe4
Bxe4 28. Nxe4 Rxe4 29. Rxe4 Nxe4 0-1

[Event "Prebor DDM 2007"]
[Site "?"]
[Date "2007.11.22"]
[Round "7"]
[White "Stvan, Marek"]
[Black "Raba, Milan"]
[Result "1-0"]
[WhiteElo "1597"]
[BlackElo "1371"]
[PlyCount "71"]
[EventDate "2007.??.??"]
[SourceDate "2007.11.22"]

1. e4 Nf6 2. e5 Nd5 3. c4 Nb6 4. d4 d6 5. exd6 cxd6 6. Nc3 Nc6 7. Nf3 Bg4 8.
Be3 g6 9. h3 Bxf3 10. Qxf3 Bg7 11. O-O-O Qc7 12. Nb5 Qc8 13. Qe4 O-O 14. Kb1
Qf5 15. Qxf5 gxf5 16. Bd3 Rfd8 17. c5 Nd5 18. Bxf5 Nxe3 19. fxe3 dxc5 20. dxc5
e6 21. Be4 a6 22. Nd6 Rab8 23. Rhf1 Rd7 24. a3 Rbd8 25. Bxc6 bxc6 26. Rd3 Bf6
27. Rxf6 Kg7 28. Rf2 f5 29. Rfd2 Kf8 30. Kc2 Ke7 31. Kc3 Kf6 32. Ne4+ Ke7 33.
Rxd7+ Rxd7 34. Rxd7+ Kxd7 35. Nd6 Ke7 36. a4 1-0

[Event "Prebor DDM 2007"]
[Site "?"]
[Date "2007.11.28"]
[Round "8"]
[White "Rakous, Pavel"]
[Black "Safranek, David"]
[Result "1-0"]
[WhiteElo "1954"]
[BlackElo "1700"]
[PlyCount "139"]
[EventDate "2007.??.??"]
[SourceDate "2007.11.28"]

1. Nf3 d5 2. c4 dxc4 3. g3 Nf6 4. Bg2 Nbd7 5. Na3 Nb6 6. O-O Bf5 7. b3 cxb3 8.
axb3 e6 9. d3 Bb4 10. Bb2 O-O 11. Ne5 c6 12. e4 Bg6 13. Nc2 Be7 14. Nxg6 hxg6
15. d4 c5 16. dxc5 Qxd1 17. Rfxd1 Bxc5 18. Ra5 Be7 19. Bd4 Nfd7 20. e5 Rac8 21.
Ne3 Nc5 22. Rxa7 Ra8 23. Bxc5 Bxc5 24. Rxb7 Rab8 25. Nc4 Nxc4 26. bxc4 Rxb7 27.
Bxb7 Rb8 28. Rd7 Kf8 29. Kg2 Bb6 30. Bc6 Rc8 31. Bb5 Rd8 32. Rb7 Bc5 33. Bd7
Ra8 34. f4 Ra7 35. Rb8+ Ke7 36. Bc6 f6 37. Rg8 Kf7 38. Rc8 Ra2+ 39. Kh3 Bg1 40.
Be8+ Ke7 41. Bxg6 Rxh2+ 42. Kg4 fxe5 43. fxe5 Bd4 44. Rc7+ Kf8 45. Rf7+ Kg8 46.
Rd7 Bc5 47. Bf7+ Kf8 48. Bxe6 Rh6 49. Bd5 Rg6+ 50. Kf4 Ke8 51. Rc7 Be7 52. g4
Kd8 53. Rb7 Ra6 54. Rb8+ Kc7 55. Re8 Kd7 56. Rg8 g5+ 57. Kf5 Ra1 58. Be6+ Kc7
59. Rc8+ Kb6 60. Bd7 Ra6 61. Rc6+ Ka5 62. Ke6 Rxc6+ 63. Bxc6 Bc5 64. Kf6 Kb6
65. Bb5 Kc7 66. Kxg5 Bd4 67. Kf6 Kd8 68. g5 Bc5 69. g6 Be7+ 70. Kf7 1-0

[Event "Prebor DDM 2007"]
[Site "?"]
[Date "2007.11.28"]
[Round "8"]
[White "Komzak, Roman"]
[Black "Nemec, Jan"]
[Result "0-1"]
[WhiteElo "1783"]
[BlackElo "1927"]
[PlyCount "134"]
[EventDate "2007.??.??"]
[SourceDate "2007.11.28"]

1. d4 d5 2. c4 c6 3. Nc3 Nf6 4. Nf3 dxc4 5. e4 b5 6. Bf4 Bb7 7. Be2 e6 8. O-O
Be7 9. b3 cxb3 10. Qxb3 O-O 11. d5 exd5 12. exd5 Nxd5 13. Nxd5 Qxd5 14. Qxd5
cxd5 15. Bxb5 Nc6 16. Rac1 Rac8 17. Rfe1 Bb4 18. Re2 a6 19. Ba4 Ba8 20. Rd1 Ne7
21. Ne5 Ng6 22. Bg3 Nxe5 23. Bxe5 Bc3 24. Bd6 Rfd8 25. Be7 d4 26. Bxd8 Rxd8 27.
Rc2 Rb8 28. f3 Kf8 29. Bb3 Bc6 30. Bc4 Ba4 31. Bb3 Bxb3 32. axb3 Rxb3 33. Ra2
a5 34. Kf2 Ke7 35. Rd3 Kd6 36. Ke2 Kc6 37. Kd1 Kb5 38. Kc2 Kb4 39. f4 a4 40.
Rh3 h6 41. Rh5 a3 42. Rd5 Rb2+ 43. Rxb2+ Bxb2 44. Rd7 Kc4 45. Rc7+ Kd5 46. Rxf7
Ke4 47. Ra7 Kxf4 48. Kd3 g5 49. Ra4 h5 50. Ke2 h4 51. Ra8 Ke4 52. Ra4 Kf4 53.
Kf2 g4 54. g3+ hxg3+ 55. hxg3+ Ke4 56. Ke2 Kd5 57. Kd3 Kc5 58. Ra8 Kb4 59. Kc2
Kc4 60. Rd8 Bc3 61. Ra8 d3+ 62. Kd1 Kb3 63. Rb8+ Bb4 64. Ra8 a2 65. Ra6 Kb2 66.
Ra5 a1=R+ 67. Rxa1 Kxa1 0-1

[Event "Prebor DDM 2007"]
[Site "?"]
[Date "2007.11.28"]
[Round "8"]
[White "Kottek, Eduard"]
[Black "Zuna, Zdenek"]
[Result "1-0"]
[WhiteElo "1880"]
[BlackElo "1847"]
[PlyCount "95"]
[EventDate "2007.??.??"]
[SourceDate "2007.11.28"]

1. c4 Nf6 2. Nc3 e5 3. g3 d5 4. cxd5 Nxd5 5. Bg2 c6 6. Nf3 Nd7 7. O-O Be7 8. d4
Nxc3 9. bxc3 Qa5 10. Qc2 O-O 11. Bd2 Qc7 12. Rfe1 Re8 13. e4 Bf6 14. Rad1 Nb6
15. Bg5 Bxg5 16. Nxg5 Bg4 17. f3 Bd7 18. f4 c5 19. dxe5 Ba4 20. Qe2 Bxd1 21.
Rxd1 h6 22. Nf3 Rad8 23. Rf1 Qd7 24. g4 Qd3 25. Qe1 Na4 26. g5 Nxc3 27. gxh6
Ne2+ 28. Kh1 Nxf4 29. Qg3 Ng6 30. Qg4 gxh6 31. h4 Kf8 32. Qh5 Qe3 33. Nh2 Re6
34. Ng4 Qg3 35. Qxh6+ Ke8 36. Nf6+ Ke7 37. Nd5+ Rxd5 38. exd5 Rxe5 39. h5 Qh4+
40. Kg1 Rxh5 41. Qe3+ Kd6 42. Rxf7 Re5 43. Qf2 Re1+ 44. Bf1 Qg4+ 45. Qg2 Qxg2+
46. Kxg2 Re7 47. Rf6+ Kxd5 48. Rxg6 1-0

[Event "Prebor DDM 2007"]
[Site "?"]
[Date "2007.11.28"]
[Round "8"]
[White "Kalabova, Jitka"]
[Black "Kuhnl, Eduard"]
[Result "0-1"]
[WhiteElo "1359"]
[BlackElo "1720"]
[PlyCount "64"]
[EventDate "2007.??.??"]
[SourceDate "2007.11.28"]

1. e4 e6 2. d4 d5 3. e5 c5 4. Nf3 cxd4 5. Nxd4 Bd7 6. Nc3 a6 7. Bd3 Qc7 8. Qh5
g6 9. Qg5 Bg7 10. Bf4 Ne7 11. O-O h6 12. Qg3 g5 13. Rfe1 Rg8 14. Bd2 Nbc6 15.
Nf3 O-O-O 16. Na4 Nf5 17. Qg4 Nxe5 18. Nxe5 Bxe5 19. g3 Bd6 20. Bb4 h5 21. Bxd6
Qxd6 22. Qxh5 Bxa4 23. b3 Bd7 24. Qxf7 Rdf8 25. Qh7 g4 26. Bxf5 exf5 27. Re3 d4
28. Re7 Bc6 29. Rd1 Qd5 30. Rc7+ Kb8 31. Rxc6 bxc6 32. Qe7 c5 0-1

[Event "Prebor DDM 2007"]
[Site "?"]
[Date "2007.11.28"]
[Round "8"]
[White "Dlohos, Stepan"]
[Black "Spolc, Ondrej"]
[Result "0-1"]
[WhiteElo "1296"]
[BlackElo "1294"]
[PlyCount "74"]
[EventDate "2007.??.??"]
[SourceDate "2007.11.28"]

1. e4 c5 2. Nf3 d6 3. Nc3 Nf6 4. Bc4 Nc6 5. O-O Bg4 6. Be2 g6 7. d3 Bg7 8. Bf4
O-O 9. e5 Bxf3 10. Bxf3 Nxe5 11. Bxe5 dxe5 12. Bxb7 Rb8 13. Qf3 Qc7 14. Bd5
Rxb2 15. Bb3 Qa5 16. Na4 Rxb3 17. axb3 Qb4 18. Qe3 Nd7 19. Rac1 Rc8 20. Qf3 Nb6
21. Nxb6 axb6 22. Qd5 Rb8 23. Qd7 Kf8 24. Rfe1 Qc3 25. Qc7 Ra8 26. Qxb6 Bh6 27.
Qc7 Bxc1 28. Rxc1 Qa1 29. g3 Qxc1+ 30. Kg2 Qxc2 31. Qxe5 f6 32. Qe4 Rd8 33. Qh4
Kg7 34. Qe4 Rd7 35. Qa4 Qxd3 36. Qc6 Qd5+ 37. Qxd5 Rxd5 0-1

[Event "Prebor DDM 2007"]
[Site "?"]
[Date "2007.11.28"]
[Round "8"]
[White "Pokorny, Ondrej"]
[Black "Vlach, Karel"]
[Result "1-0"]
[WhiteElo "1978"]
[BlackElo "2004"]
[PlyCount "43"]
[EventDate "2007.??.??"]
[SourceDate "2007.11.28"]

1. e4 d5 2. exd5 c6 3. dxc6 Nxc6 4. Nf3 e5 5. Bb5 Bg4 6. h3 Bh5 7. g4 Bg6 8.
Qe2 f6 9. d4 e4 10. Nh4 Qxd4 11. Nxg6 hxg6 12. Nc3 Bb4 13. Bd2 Nge7 14. O-O-O
f5 15. Be3 Qe5 16. Bd4 Qf4+ 17. Kb1 O-O-O 18. Qc4 Qf3 19. Be5 Rd7 20. Rxd7 Kxd7
21. Rd1+ Ke8 22. Qxb4 1-0

[Event "Prebor DDM 2007"]
[Site "?"]
[Date "2007.11.29"]
[Round "8"]
[White "Hacaperka, Michal"]
[Black "Kandrik, Antonin"]
[Result "1-0"]
[WhiteElo "1893"]
[BlackElo "1883"]
[PlyCount "77"]
[EventDate "2007.??.??"]
[SourceDate "2007.11.30"]

1. e4 e6 2. d4 d5 3. Nd2 Nf6 4. e5 Nfd7 5. Bd3 c5 6. c3 Nc6 7. Ne2 Qb6 8. Nf3
cxd4 9. cxd4 Be7 10. O-O O-O 11. Re1 f5 12. a3 Qd8 13. Qd2 a5 14. b3 Qe8 15.
Nc3 Nb6 16. Nb5 Qd8 17. Qf4 Na7 18. Nc3 Bd7 19. h4 Rc8 20. Bd2 Qe8 21. a4 Nc6
22. Nb5 Nb4 23. Bxb4 Bxb4 24. Rec1 Qh5 25. Na7 Rxc1+ 26. Rxc1 Na8 27. Rc2 Qf7
28. Ng5 Qg6 29. Qc1 h6 30. Nh3 Qg4 31. Nf4 Be8 32. g3 Qf3 33. Be2 Qxb3 34. Nxe6
Bxa4 35. Rb2 Ba3 36. Rxb3 Bxc1 37. Rxb7 Re8 38. Nxg7 Bc2 39. Nxe8 1-0

[Event "Prebor DDM 2007"]
[Site "?"]
[Date "2007.11.29"]
[Round "8"]
[White "Sterba, Karel"]
[Black "Stvan, Marek"]
[Result "1/2-1/2"]
[WhiteElo "1838"]
[BlackElo "1597"]
[PlyCount "70"]
[EventDate "2007.??.??"]
[SourceDate "2007.11.30"]

1. e4 c5 2. Nf3 d6 3. d4 cxd4 4. Nxd4 Nf6 5. Nc3 g6 6. Be3 Bg7 7. Bc4 O-O 8. f3
Nc6 9. Qd2 Bd7 10. Bb3 Rc8 11. O-O-O Ne5 12. h4 h5 13. Bh6 Nc4 14. Bxc4 Rxc4
15. Bxg7 Kxg7 16. Qd3 Qc8 17. Rde1 a5 18. Rhf1 Rc5 19. Nb3 Rc6 20. Nxa5 Ra6 21.
Nb3 Be6 22. Kb1 Qa8 23. a3 Rc8 24. Rf2 Bc4 25. Qe3 b5 26. Na2 Rc7 27. Nb4 Raa7
28. Nd2 Be6 29. Nb3 Bc4 30. Rd2 Nd7 31. Nc1 Ra4 32. Nca2 Kh7 33. Nc3 Rxb4 34.
Nd5 Bxd5 35. exd5 Rbc4 1/2-1/2

[Event "Prebor DDM 2007"]
[Site "?"]
[Date "2007.11.29"]
[Round "8"]
[White "Barta, Tomas"]
[Black "Spolc, Martin"]
[Result "1/2-1/2"]
[WhiteElo "1430"]
[BlackElo "1366"]
[PlyCount "46"]
[EventDate "2007.??.??"]
[SourceDate "2007.11.30"]

1. e4 e5 2. Nf3 Nc6 3. Nc3 Nf6 4. d4 Bb4 5. Qd3 d6 6. dxe5 Bxc3+ 7. bxc3 dxe5
8. Qxd8+ Nxd8 9. Nxe5 Nxe4 10. Bb2 O-O 11. Bd3 Re8 12. O-O Rxe5 13. Rfe1 Bf5
14. f3 Nc6 15. fxe4 Bd7 16. Rad1 Bg4 17. Rd2 Rd8 18. h3 Bh5 19. Rf2 f6 20. Rb1
Bf7 21. c4 Rde8 22. Ba3 b6 23. Rb2 Rb8 1/2-1/2

[Event "Prebor DDM 2007"]
[Site "?"]
[Date "2007.11.29"]
[Round "8"]
[White "Kapralek, Martin"]
[Black "Rylek, Milan"]
[Result "0-1"]
[WhiteElo "1726"]
[BlackElo "1842"]
[PlyCount "56"]
[EventDate "2007.??.??"]
[SourceDate "2007.11.30"]

1. e4 c5 2. Nf3 d6 3. d4 cxd4 4. Nxd4 Nf6 5. Nc3 e6 6. Be2 Be7 7. Bg5 O-O 8.
O-O a6 9. Qd2 Nd5 10. exd5 Bxg5 11. f4 e5 12. fxg5 exd4 13. Ne4 Qb6 14. Qd3 Re8
15. Rf4 Nd7 16. Rh4 g6 17. Rf1 Re5 18. Nf6+ Nxf6 19. gxf6 Bf5 20. Qxd4 Qxd4+
21. Rxd4 Rxe2 22. Rb4 b5 23. c3 Rae8 24. g4 Be4 25. Rd1 Rg2+ 26. Kf1 Rxh2 27.
Kg1 Rg2+ 28. Kf1 Rc2 0-1

[Event "Prebor DDM 2007"]
[Site "?"]
[Date "2007.11.29"]
[Round "8"]
[White "Raba, Milan"]
[Black "Smutna, Eva"]
[Result "1/2-1/2"]
[WhiteElo "1371"]
[BlackElo "1371"]
[PlyCount "32"]
[EventDate "2007.??.??"]
[SourceDate "2007.11.30"]

1. d4 d5 2. c4 e6 3. Nc3 Nf6 4. Nf3 b6 5. cxd5 Nxd5 6. Nxd5 exd5 7. g3 Bd6 8.
Bg2 O-O 9. O-O Nc6 10. Bd2 Re8 11. Re1 Qf6 12. Bg5 Qf5 13. Qd3 Qxd3 14. exd3
Bf5 15. Red1 h6 16. Be3 Nb4 1/2-1/2

[Event "Prebor DDM 2007"]
[Site "?"]
[Date "2007.11.29"]
[Round "7"]
[White "Smutna, Eva"]
[Black "Smutny, Norbert"]
[Result "1/2-1/2"]
[WhiteElo "1371"]
[BlackElo "1412"]
[PlyCount "42"]
[EventDate "2007.??.??"]
[SourceDate "2007.11.30"]

1. e4 e5 2. Nf3 Nc6 3. Nc3 Nf6 4. Bb5 a6 5. Bxc6 dxc6 6. Nxe5 Bb4 7. d3 Qd4 8.
Nf3 Bxc3+ 9. bxc3 Qxc3+ 10. Bd2 Qc5 11. O-O O-O 12. h3 h6 13. Rb1 b5 14. Bb4
Qb6 15. Bxf8 Kxf8 16. c4 Be6 17. e5 Nd7 18. cxb5 axb5 19. Ra1 Bd5 20. Nd2 Nxe5
21. Qb1 Qd4 1/2-1/2

[Event "Prebor DDM 2007"]
[Site "?"]
[Date "2007.12.04"]
[Round "9"]
[White "Kottek, Eduard"]
[Black "Pokorny, Ondrej"]
[Result "1/2-1/2"]
[WhiteElo "1880"]
[BlackElo "1978"]
[PlyCount "93"]
[EventDate "2007.??.??"]
[SourceDate "2007.12.04"]

1. d4 d5 2. Nf3 Nf6 3. e3 e6 4. Bd3 c5 5. c3 Nc6 6. Nbd2 Bd6 7. O-O O-O 8. dxc5
Bxc5 9. e4 Qc7 10. Qe2 b6 11. e5 Ng4 12. Bxh7+ Kh8 13. Bc2 Ngxe5 14. Nxe5 Qxe5
15. Qd3 g6 16. Qh3+ Qh5 17. Qxh5+ gxh5 18. Nf3 Ba6 19. Re1 Rg8 20. Ne5 Nxe5 21.
Rxe5 f5 22. Rxe6 Rae8 23. Rxe8 Rxe8 24. Be3 Bxe3 25. fxe3 Rxe3 26. Bxf5 Re2 27.
Rd1 Rxb2 28. Rxd5 Rxa2 29. Bd3 Bxd3 30. Rxd3 Kg7 31. h4 Ra4 32. Kf2 Rxh4 33.
Rd7+ Kf6 34. Rxa7 Rc4 35. Ra6 Rc6 36. c4 Ke5 37. c5 Rf6+ 38. Ke3 bxc5 39. Ra8
Rf5 40. Rd8 Rg5 41. Kf3 c4 42. g3 Rg6 43. Rh8 Rg5 44. Rd8 Kf5 45. Rc8 Rg4 46.
Rc5+ Kg6 47. Rc6+ 1/2-1/2

[Event "Prebor DDM 2007"]
[Site "?"]
[Date "2007.12.05"]
[Round "9"]
[White "Smutna, Eva"]
[Black "Barta, Tomas"]
[Result "0-1"]
[WhiteElo "1371"]
[BlackElo "1430"]
[PlyCount "68"]
[EventDate "2007.??.??"]
[SourceDate "2007.12.05"]

1. e4 e5 2. Nf3 Nc6 3. Nc3 Nf6 4. Bc4 Bb4 5. d3 O-O 6. Bd2 d6 7. h3 Be6 8. Bxe6
fxe6 9. a3 Ba5 10. O-O Qe7 11. b4 Bb6 12. b5 Nd4 13. Be3 a6 14. bxa6 Rxa6 15.
Re1 Ba5 16. Qd2 Nxf3+ 17. gxf3 Rc6 18. Nd5 Nxd5 19. Qxa5 Nxe3 20. Rxe3 Qg5+ 21.
Kf1 Rxc2 22. d4 Qh4 23. Qe1 Qxh3+ 24. Kg1 Rf4 25. Qf1 Qh6 26. Qg2 Rf6 27. f4
exf4 28. e5 Rg6 29. Rg3 fxg3 30. Re1 gxf2+ 31. Kf1 Rxg2 32. Kxg2 fxe1=Q+ 33.
Kf3 Qh3+ 34. Kf4 Qeh4# 0-1

[Event "Prebor DDM 2007"]
[Site "?"]
[Date "2007.12.05"]
[Round "9"]
[White "Nemec, Jan"]
[Black "Kandrik, Antonin"]
[Result "1-0"]
[WhiteElo "1927"]
[BlackElo "1883"]
[PlyCount "77"]
[EventDate "2007.??.??"]
[SourceDate "2007.12.05"]

1. e4 e5 2. Nf3 Nf6 3. Nc3 Nc6 4. d4 exd4 5. Nxd4 Bb4 6. Nxc6 bxc6 7. Bd3 O-O
8. Bg5 h6 9. Bd2 Re8 10. O-O d5 11. exd5 cxd5 12. Qf3 Bg4 13. Qf4 Bd6 14. Qa4
d4 15. Nb5 Bd7 16. Qc4 Be5 17. f4 Be6 18. Qa4 a6 19. fxe5 axb5 20. Qxb5 Ng4 21.
h3 Ne3 22. Bxe3 dxe3 23. Qc5 Qg5 24. Rf3 Red8 25. Qxe3 Qxe3+ 26. Rxe3 Ra5 27.
a3 Rb8 28. b3 Rd5 29. a4 Rd4 30. a5 Rbd8 31. a6 Bd5 32. c3 Rf4 33. b4 Re8 34.
g3 Rf3 35. Rxf3 Bxf3 36. Kf2 Rd8 37. Kxf3 Rxd3+ 38. Ke4 Rd8 39. a7 1-0

[Event "Prebor DDM 2007"]
[Site "?"]
[Date "2007.12.06"]
[Round "9"]
[White "Rylek, Milan"]
[Black "Hacaperka, Michal"]
[Result "0-1"]
[WhiteElo "1842"]
[BlackElo "1893"]
[PlyCount "134"]
[EventDate "2007.??.??"]
[SourceDate "2007.12.06"]

1. d4 Nf6 2. c4 g6 3. g3 Bg7 4. Bg2 d6 5. Nf3 O-O 6. Nc3 Nbd7 7. b4 c5 8. a3
cxd4 9. Nxd4 Ne5 10. O-O Nxc4 11. Qb3 Nb6 12. Bb2 e5 13. Nf3 Be6 14. Qc2 h6 15.
Rad1 Rc8 16. e4 Qe7 17. Rfe1 Nfd7 18. Qd3 Nc4 19. Bc1 Nf6 20. Nb5 Rfd8 21. Nxa7
Ra8 22. Nb5 d5 23. Nd2 Nxd2 24. Rxd2 d4 25. h3 Rdc8 26. Nxd4 exd4 27. e5 Ne8
28. Qe4 Rd8 29. Rxd4 Rxd4 30. Qxd4 Rd8 31. Qb6 Rd7 32. a4 Bd5 33. Bb2 Bxg2 34.
Kxg2 Qe6 35. Qb5 Qd5+ 36. Qxd5 Rxd5 37. Re2 Nc7 38. f4 Na6 39. Bc3 Rd3 40. Be1
Bf8 41. b5 Nc5 42. a5 Ne6 43. Rc2 Nd4 44. Rc8 Kg7 45. a6 bxa6 46. b6 Rb3 47.
Ba5 Rb2+ 48. Kf1 Ne6 49. Ra8 Nc5 50. Ra7 Rb5 51. Bc3 Rxb6 52. e6+ Kg8 53. e7
Bxe7 54. Rxe7 Rb8 55. Be5 Ra8 56. Ke2 Ne6 57. Kd2 a5 58. Kc3 a4 59. Kb2 Nc5 60.
Ka3 Nd3 61. Rd7 Nxe5 62. fxe5 Ra5 63. Rd8+ Kg7 64. Re8 g5 65. Re7 Kf8 66. Rd7
Rxe5 67. Rd3 Re4 0-1

[Event "Prebor DDM 2007"]
[Site "?"]
[Date "2007.12.06"]
[Round "9"]
[White "Spolc, Ondrej"]
[Black "Kalabova, Jitka"]
[Result "1-0"]
[WhiteElo "1294"]
[BlackElo "1359"]
[PlyCount "139"]
[EventDate "2007.??.??"]
[SourceDate "2007.12.06"]

1. d4 Nf6 2. c4 e6 3. Nc3 Bb4 4. Bd2 d5 5. e3 O-O 6. Nf3 b6 7. a3 Bxc3 8. Bxc3
Ba6 9. b3 Ne4 10. Bb2 Nd7 11. Qc2 Ndf6 12. Bd3 Rc8 13. O-O c5 14. Rfd1 Ng4 15.
Bxe4 dxe4 16. dxc5 Qc7 17. Qxe4 f5 18. Qc2 bxc5 19. h3 Nf6 20. Ng5 Bb7 21. Nxe6
Qc6 22. Nf4 Nh5 23. f3 Nxf4 24. exf4 Qg6 25. Rd7 Rf7 26. Rxf7 Kxf7 27. Rd1 Bc6
28. Re1 h6 29. b4 cxb4 30. axb4 Re8 31. Rxe8 Bxe8 32. c5 Qe6 33. g4 Qe1+ 34.
Kg2 Bd7 35. c6 Bc8 36. Qc4+ Ke8 37. Qg8+ Ke7 38. Qxg7+ Ke8 39. Qe5+ Qxe5 40.
fxe5 fxg4 41. hxg4 Ke7 42. f4 Bxg4 43. Kg3 Bc8 44. Kf3 h5 45. Kg3 a6 46. Kh4
Bg4 47. Kg5 Ke6 48. f5+ Bxf5 49. Kxh5 Ke7 50. Kg5 Bh3 51. Kg6 Kd8 52. Kf7 Kc7
53. e6 Bxe6+ 54. Kxe6 Kxc6 55. Ke5 Kb5 56. Bc3 Kc4 57. Be1 Kb5 58. Kd6 Kb6 59.
Kd5 Kb5 60. Kd6 Kb6 61. Kd7 Kb7 62. Bf2 a5 63. bxa5 Ka6 64. Be1 Kb7 65. Kd6 Ka6
66. Kc6 Ka7 67. Kb5 Kb7 68. a6+ Kc7 69. Bg3+ Kc8 70. Kb6 1-0

[Event "Prebor DDM 2007"]
[Site "?"]
[Date "2007.12.06"]
[Round "8"]
[White "Smutny, Norbert"]
[Black "Smutny, Patrik"]
[Result "1/2-1/2"]
[WhiteElo "1412"]
[BlackElo "1374"]
[PlyCount "23"]
[EventDate "2007.??.??"]
[SourceDate "2007.12.06"]

1. e4 e5 2. Nf3 Nc6 3. Nc3 f5 4. exf5 d6 5. d4 exd4 6. Nxd4 Qe7+ 7. Be3 Nxd4 8.
Qxd4 Bxf5 9. Nd5 Qd7 10. Bd3 Be6 11. O-O-O Bxd5 12. Qxd5 1/2-1/2

[Event "Prebor DDM 2007"]
[Site "?"]
[Date "2007.12.06"]
[Round "9"]
[White "Spolc, Martin"]
[Black "Raba, Milan"]
[Result "1/2-1/2"]
[WhiteElo "1366"]
[BlackElo "1371"]
[PlyCount "45"]
[EventDate "2007.??.??"]
[SourceDate "2007.12.06"]

1. e4 d6 2. d4 Nf6 3. Nc3 c6 4. Nf3 Bg4 5. Be2 e6 6. O-O Be7 7. Bf4 Bxf3 8.
Bxf3 Nbd7 9. e5 dxe5 10. dxe5 Nd5 11. Qd2 Nxf4 12. Qxf4 Bg5 13. Qd4 Nb6 14.
Rad1 Qxd4 15. Rxd4 O-O 16. Rg4 Be7 17. Rd1 Rad8 18. Rgd4 Rxd4 19. Rxd4 Rd8 20.
Rxd8+ Bxd8 21. Ne4 Nc4 22. b3 Nxe5 23. Be2 1/2-1/2

[Event "Prebor DDM 2007"]
[Site "?"]
[Date "2007.12.06"]
[Round "9"]
[White "Zuna, Zdenek"]
[Black "Fica, Alexander"]
[Result "1-0"]
[WhiteElo "1847"]
[BlackElo "1801"]
[PlyCount "48"]
[EventDate "2007.??.??"]
[SourceDate "2007.12.06"]

1. d4 Nf6 2. Bg5 d5 3. c4 e6 4. Nc3 Be7 5. Nf3 Nc6 6. e3 Ne4 7. Bf4 Bb4 8. Qc2
O-O 9. Bd3 f5 10. O-O Bxc3 11. bxc3 b6 12. cxd5 exd5 13. a3 a5 14. c4 Be6 15.
Rfc1 Ra7 16. cxd5 Bxd5 17. Bb5 Ne7 18. Bxc7 Qc8 19. Ne5 Qb7 20. f3 Rc8 21. fxe4
Rxc7 22. Qxc7 Qxc7 23. Rxc7 Rxc7 24. exd5 Nc8 1-0